| 000 | 00432nam a2200157 4500 | ||
|---|---|---|---|
| 005 | 20260430111521.0 | ||
| 008 | 260430b |||||||| |||| 00| 0 eng d | ||
| 020 | _a9780761931201 | ||
| 082 |
_a371.30 _bDON-W |
||
| 100 | _aDonna Walker Tileston | ||
| 245 | _aWhat Every Teacher Should Know About Instructional Planning | ||
| 260 |
_aUK _bCorwin Press A Sage Publications |
||
| 300 | _a122p | ||
| 650 | _aEnglish | ||
| 942 | _cBK | ||
| 999 |
_c47450 _d47450 |
||